000 01018nas a2200253Ia 4500
001 R142/C1003
003 IT-RoPAU
008 151124c99999999xx |||||||||||| ||und||
040 _aIT-RoPAU
040 _cIT-RoPAU
041 _aFRANCESE
100 _aRallet Alain
_gCodice Aut. SPICS: 42044
210 _aRESEAUX
222 _aReseaux
245 _aRESEAUX, N.062 (NOVEMBRE/DICEMBRE 1993)
_bTheorie Des Conventions Chez Les Economistes (La)
250 _a1a ed.
260 _aPARIS
_bCNET
_c1993
501 _bPaulus - SPICS - Società San Paolo EM (non-commercial uses only)
_cCopyright2015
300 _a19 p. [43-61]
362 _aN.062 (NOVEMBRE/DICEMBRE 1993)
500 _aTeoria Delle Convenzioni Presso gli Economisti. Oggetto Teorico dell'Economia Delle Convenzioni. Proposte Teoriche: Continuazione, Rottura, Apporto. Individualismo Metodologico. Incompatibilità dell'Individualismo Metodologico e del Programma di Ricerche
650 _aCOMUNICAZIONE
_vPUBBLICAZIONE PERIODICA
942 _cCR
999 _c192941
_d192941